书目信息 |
| 题名: |
分子生物学与蛋白质化学实验方法
|
|
| 作者: | 斯潘格勒 , Spangler 著 ;茹炳根 , 韩铁钢 , 茹强 译 | |
| 分册: | ||
| 出版信息: | 北京 化学工业出版社 2006 |
|
| 页数: | 178页 | |
| 开本: | 23cm | |
| 丛书名: | 生物实验室系列 | |
| 单 册: | ||
| 中图分类: | Q7-33 | |
| 科图分类: | ||
| 主题词: | 分子生物学--化学实验 , 蛋白质--生物化学--实验方法 , 分子生物学 , 蛋白质 , 生物化学 | |
| 电子资源: | ||
| ISBN: | 7-5025-8092-1 | |
| 000 | 01460oam2 2200361 450 | |
| 001 | 012007830509 | |
| 005 | 20070628151655.92 | |
| 010 | @a7-5025-8092-1@dCNY25.00 | |
| 100 | @a20070517d2006 km y0chiy0120 ea | |
| 101 | 1 | @achi@ceng |
| 102 | @aCN@b110000 | |
| 105 | @aa z 001yy | |
| 106 | @ar | |
| 200 | 1 | @a分子生物学与蛋白质化学实验方法@Afen zi sheng wu xue yu dan bai zhi hua xue shi yan fang fa@f(美)布伦达·D. 斯潘格勒(Brenda D. Spangler)著@F(mei)bu lun da·D.si pan ge le(Brenda D.Spangler)zhu@g茹炳根,韩铁钢,茹强译@Gru bing gen,han tie gang,ru qiang yi |
| 210 | @a北京@c化学工业出版社@d2006 | |
| 215 | @a178页@c图@d23cm | |
| 225 | 2 | @a生物实验室系列 |
| 330 | @a本书是一本以实验开发为基础的指导性书籍,以一种大肠杆菌热不稳定的内毒素亚基(LTB)为典型材料,系统具体地介绍了其研究中所采用的分子生物学方法和蛋白质化学方法,包括基因重组、克隆、筛选、表达及蛋白质的分离纯化及鉴定等。 | |
| 461 | 0 | @12001 @a生物实验室系列 |
| 510 | 1 | @aMethods in molecular biology and protein chemistry@zeng |
| 606 | 0 | @a分子生物学@x化学实验 |
| 606 | 0 | @a蛋白质@x生物化学@x实验方法 |
| 606 | 0 | @a分子生物学 |
| 606 | 0 | @a蛋白质 |
| 606 | 0 | @a生物化学 |
| 690 | @aQ7-33@v4 | |
| 701 | 1 | @c(美)@a斯潘格勒@Asi pan ge le@b布伦达@4著 |
| 701 | 1 | @c(美)@aSpangler@bBrenda D.@4著 |
| 702 | 0 | @a茹炳根@Aru bing gen@f(1936~)@4译 |
| 702 | 0 | @a韩铁钢@Ahan tie gang@4译 |
| 702 | 0 | @a茹强@Aru qiang@4译 |
| 801 | 0 | @aCN@bRULIN@c20070628 |
| 905 | @dQ7-33@e115@s8 | |
| 分子生物学与蛋白质化学实验方法/(美)布伦达·D. 斯潘格勒(Brenda D. Spangler)著/茹炳根,韩铁钢,茹强译.-北京:化学工业出版社,2006 |
| 178页:图;23cm.-(生物实验室系列) |
| ISBN 7-5025-8092-1:CNY25.00 |
| 本书是一本以实验开发为基础的指导性书籍,以一种大肠杆菌热不稳定的内毒素亚基(LTB)为典型材料,系统具体地介绍了其研究中所采用的分子生物学方法和蛋白质化学方法,包括基因重组、克隆、筛选、表达及蛋白质的分离纯化及鉴定等。 |
| ● |
| 相关链接 |
|
|
|
|
正题名:分子生物学与蛋白质化学实验方法
索取号:Q7-33/115
 
预约/预借
| 序号 | 登录号 | 条形码 | 馆藏地/架位号 | 状态 | 备注 |
| 1 | 0580555 | 205805556 | 第二样本阅览室/ [索取号:Q7-33/115] | 在馆 | |
| 2 | 0580556 | 205805565 | 第三借阅区/ [索取号:Q7-33/115] | 在馆 | |
| 3 | 0580557 | 205805574 | 第三借阅区/ [索取号:Q7-33/115] | 在馆 | |
| 4 | 0580558 | 205805583 | 第三借阅区/ [索取号:Q7-33/115] | 在馆 | |
| 5 | 0580559 | 205805592 | 第三借阅区/ [索取号:Q7-33/115] | 在馆 | |
| 6 | 0580560 | 205805609 | 第三借阅区/ [索取号:Q7-33/115] | 在馆 | |
| 7 | 0580561 | 205805618 | 第三借阅区/ [索取号:Q7-33/115] | 在馆 | |
| 8 | 0580562 | 205805627 | 第三借阅区/ [索取号:Q7-33/115] | 在馆 |